000 00299nam a2200121Ia 4500
008 190216s9999||||xx |||||||||||||| ||und||
100 _aKemp William & Arun Bahl
245 0 _aExperimental Organic Chemistry
260 _bS Chand & Co
_c1984
300 _a144p
650 _aChemistry
942 _cBK
999 _c2744
_d2744